000 00901nam a2200229 i 4500
001 83542
003 ES-MaACL
005 20240209181033.0
007 t|
008 041117m19791982sp ||||1| spa d
020 _a84-7090-097-8
245 0 0 _aIntroducción a la literatura española a través de los textos
_b: aportación a una metodología del comentario de textos /
_cAsunción Barroso Gil ... [et al.].
260 _aMadrid :
_bIstmo,
_c[1979-1982]
300 _a2 v. (265 ; 408 p.) ;
_c18 cm.
490 1 _aFundamentos ;
_v75-76
505 1 _aContiene: 3. El siglo XX hasta la generación del 27 - 4. El siglo XX desde la generación del 27
650 4 _aLiteratura española-
_xComentario de textos.
_914556
700 1 _aBarroso Gil, Asunción.
_926070
830 1 0 _aFundamentos (Ediciones Istmo)
_v75-76
_9121682
852 _aES-MaACL
_jL-8881-82
999 _c83542
_d83542